01882nam a22003254a 4500001000400000003000800004005001700012008004100029020001800070040000800088041001300096082001500109100003300124240001900157245007200176260003500248300001200283500000700295520094600302650002901248650001701277650001501294650001701309655001601326655001901342700003501361942001501396952013201411999001301543495BR-RjBN20260129100248.0130604s2012 spb g 000 f por  a9788580410617 bpor1 aporheng04a813bH835r1 aHouck, Colleen,d1969-9106600aTiger's quest.12aO resgate do tigre /cColleen Houck ; [tradução: Raquel Zampil] aSão Paulo :bAqueiro,c2012. a430p. ; a  aApós abandonar seu grande amor na Índia, Kelsey Hayes volta para o Oregon e se esforça para juntar os pedaços de seu coração. Porém, por mais que tente levar uma vida normal ocupando seu tempo com a faculdade, novos amigos e pretendentes, seus pensamentos teimam em retornar para as selvas exuberantes, as cachoeiras cintilantes e os olhos azul cobalto de seu tigre. Enquanto sonha com o dia em que Ren atravessará o oceano atrás dela, Kelsey não imagina que é caçada pelo maior dos malfeitores, que está mais uma vez com sede de poder. Presa a um turbilhão de provações, ela é arrancada daquele que ama e lançada nos braços de outro. Forçada a partir imediatamente numa segunda busca, Kelsey encontra o paraíso no Tibete e vive seu pior pesadelo ao retornar para a Índia. Com grandes revelações e reviravoltas, O resgate do tigre dá continuidade à saga épica A maldição do tigre. 00aLiteratura Americana98400aFantasia94500aMagia978500aAventura947 aRomance923 aFicção922 aZampil, RaqueleTRADUTORA9898 2ddcn0cBK 00102ddc40708FICaBIBIBbBIBIBcLEd2026-01-29edoaçãol0o813 / H835rp2026-17429r2026-01-29 07:43:27w2026-01-29yBK c495d495